000 00297nam a2200133 i 4500
001 bg
100 1 _aMINDUR, L.
245 0 _aTransport w budownictwie /
_cL. Mindur.
260 _aWarszawa,
_c1983.
040 _cBPK
041 _apol
942 _cKS
008 s pl f |000 0 pol
999 _c21961
_d21961
856 _uhttp://koha.tu.koszalin.pl/cgi-bin/koha/opac-detail.pl?biblionumber=21961
_yKatalog online BPK